|
|
|
|
| LEADER |
00000cam a2200000 7i4500 |
| 001 |
0000043617 |
| 005 |
20190513.0 |
| 008 |
111112 bm |
| 020 |
|
|
|a 9839850202
|
| 090 |
0 |
0 |
|a JF SIR
|
| 100 |
0 |
|
|a Matlob
|
| 245 |
0 |
0 |
|a Fitnah Menerima Padah
|c Matlob
|
| 260 |
|
|
|a Johor :
|b Badan Bookstore Sdn Bhd ,
|c [ ]
|
| 300 |
|
|
|a 22p, :
|b ill ;
|c 21cm.
|
| 440 |
|
0 |
|a Yang Disembah Yang Disanggah
|
| 650 |
0 |
0 |
|a Junior Fiction-Malay
|
| 999 |
|
|
|a 0000330352
|b Buku
|c Koleksi Pinjaman Kanak-Kanak
|e Perbadanan Perpustakaan Awam Melaka
|
| 999 |
|
|
|a 10552
|b Buku
|c Koleksi Pinjaman Kanak-Kanak
|e Perbadanan Perpustakaan Awam Melaka
|
| 999 |
|
|
|a 11546
|b Buku
|c Koleksi Pinjaman Kanak-Kanak
|e Perbadanan Perpustakaan Awam Melaka
|
| 999 |
|
|
|a 27614
|b Buku
|c Koleksi Pinjaman Kanak-Kanak
|e Perpustakaan Cawangan Masjid Tanah
|
| 999 |
|
|
|a 30368
|b Buku
|c Koleksi Pinjaman Kanak-Kanak
|e Perbadanan Perpustakaan Awam Melaka
|